Biblioteca

La muerte de una visión (Registro nro. 60672)

Detalles MARC
000 -LÍDER
Campo fijo de descripción fija 006490000a22001210004500
100 1# - ASIENTO PRINCIPAL--NOMBRE PERSONAL
Nombre personal Cunningham, Loren
245 10 - TÍTULO
Título del Material La muerte de una visión
300 ## - DESCRIPCIÓN FÍSICA
Extensión Vol.4, núm.4 (1997), Páginas 55-61
500 ## - NOTA GENERAL
Nota General Condensado de la Revista Vino Nuevo, noviembre/diciembre 1976. Loren Cunningham es el Director Internacional de Juventud Con Una Misión, que cuenta con bases en 32 naciones.
773 0# - HOST ITEM ENTRY
Title Conquista Cristiana
942 ## - TIPO DE MATERIAL (KOHA)
Tipo de Item KOHA Artículos de Revista
Existencias
Estado de Material Estado de Perdido Estado de Dañado No para Préstamo Colección Biblioteca de Origen Biblioteca Permanente Fecha de Adquisición Total de Préstamos Signatura Topográfica Última vez visto Fecha de Remplazo Tipo de Material
        Colección de Hemeroteca Biblioteca FUSBC Biblioteca FUSBC 26/01/2016   26/01/2016 26/01/2016 Artículos de Revista

Biblioteca FUSBC | Teléfono: (57+4) 349 88 10 Ext. 141| WhatsApp (+57) 3005338115 
E-mail: biblioteca@unisbc.edu.co | Calle 76 87-14 Robledo Palenque, Medellín, Colombia

Con tecnología Koha